| 000 | 00623cab a2200193 4500 | ||
|---|---|---|---|
| 001 | ABS40842 | ||
| 008 | 090401t1989 xxu||||| |||| 00| 0 eng d | ||
| 035 | _a(Sirsi) u26312 | ||
| 041 | _aeng | ||
| 100 | _aVenning, P. | ||
| 245 | _aFuture policies for the chartered surveyor | ||
| 260 | _c1989 | ||
| 350 | _a0 | ||
| 490 |
_aEstates Gazette _v(8921) 27 May 1989, 24-60(2) |
||
| 520 | _aReviews the findings of a new report by the RICS Education and Membership Committee on the future direction of surveying education and training policies. | ||
| 690 | _aPRACTICE AND TECHNIQUES | ||
| 942 | _n0 | ||
| 948 | _c04/03/1997 | ||
| 999 |
_c17670 _d17670 |
||